[Event "Plzen Calliditas op 23rd"]
[Site "Plzen"]
[Date "2024.09.11"]
[Round "3"]
[White "Seterle, Matej"]
[Black "Silhanek, Martin"]
[Result "1/2-1/2"]
[WhiteElo "1930"]
[BlackElo "1863"]
[PlyCount "82"]
[EventDate "2024.09.09"]
[EventType "swiss"]
[EventRounds "7"]
[EventCountry "CZE"]
[SourceTitle "EXT 2025"]
[Source "ChessBase"]
[SourceDate "2024.10.14"]
[SourceVersion "1"]
[SourceVersionDate "2024.10.14"]
[SourceQuality "1"]

1. d3 d5 2. c3 e5 3. Nf3 Nd7 4. Qa4 c6 5. e4 Bd6 6. Nbd2 Ne7 7. Be2 0-0 8. c4 d4 9. b4 Ng6 10. c5 Bc7 11. Nc4 h6 12. h4 f5 13. h5 Nf4 14. Bxf4 exf4 15. Qb3 Kh7 16. Qb2 fxe4 17. Nxd4 Ne5 18. dxe4 Nxc4 19. Bxc4 Be5 20. 0-0-0 Qf6 21. Qc2 Rd8 22. Nf3 Bg4 23. Be2 Rxd1+ 24. Bxd1 Rd8 25. Kb1 Bxf3 26. Bxf3 Rd4 27. a3 Qd8 28. Rd1 Rxd1+ 29. Qxd1 Qd4 30. Qxd4 Bxd4 31. Kc2 Bxf2 32. Kd3 g5 33. Kc4 Kg7 34. e5 Kf7 35. Bg4 Ke7 36. a4 b6 37. cxb6 Bxb6 38. Kd3 c5 39. b5 Bc7 40. e6 Kd6 41. Ke4 Bd8 1/2-1/2

[Event "Prague Golden Rapid op 19th"]
[Site "Prague"]
[Date "2024.06.23"]
[Round "5"]
[White "Pribyl, Josef"]
[Black "Silhanek, Martin"]
[Result "1-0"]
[WhiteElo "2210"]
[BlackElo "1830"]
[PlyCount "87"]
[EventDate "2024.06.23"]
[EventType "swiss (rapid)"]
[EventRounds "7"]
[EventCountry "CZE"]
[SourceTitle "EXT 2025"]
[Source "ChessBase"]
[SourceDate "2024.10.14"]
[SourceVersion "1"]
[SourceVersionDate "2024.10.14"]
[SourceQuality "1"]

1. d4 Nf6 2. Nf3 g6 3. Nc3 d5 4. Bf4 Bg7 5. e3 Bg4 6. Be2 Bxf3 7. Bxf3 e6 8. g4 Nfd7 9. h4 c5 10. Qd2 a6 11. h5 Nc6 12. Ne2 cxd4 13. exd4 Qa5 14. c3 0-0-0 15. a4 e5 16. b4 Qc7 17. Be3 e4 18. Bg2 Nb6 19. Bf4 Qe7 20. h6 Nc4 21. Qc1 Bf8 22. g5 f5 23. gxf6 Qxf6 24. Bh3+ Rd7 25. b5 Ne7 26. Bxd7+ Kxd7 27. bxa6 Qxa6 28. Qb1 Nf5 29. Qb5+ Qxb5 30. axb5 Bd6 31. Ra7 Kc7 32. Bxd6+ Nfxd6 33. Ra1 Nxb5 34. Rh4 Rf8 35. Rf4 Rxf4 36. Nxf4 Nxc3 37. Rc1 Na2 38. Nxd5+ Kd6 39. Rxc4 Kxd5 40. Rc7 Kxd4 41. Rxb7 Nc3 42. Rxh7 Nd5 43. Rd7 Ke5 44. Rxd5+ 1-0

[Event "Prague Golden Rapid op"]
[Site "Prague"]
[Date "2023.06.17"]
[Round "2"]
[White "Silhanek, Martin"]
[Black "Rakusan, Dan"]
[Result "0-1"]
[WhiteElo "1709"]
[BlackElo "1974"]
[PlyCount "46"]
[EventDate "2023.06.17"]
[EventType "swiss (rapid)"]
[EventRounds "9"]
[EventCountry "CZE"]
[SourceTitle "CBM 215 Extra"]
[Source "ChessBase"]
[SourceDate "2023.09.30"]
[SourceVersion "1"]
[SourceVersionDate "2023.09.30"]
[SourceQuality "1"]

1. d4 f5 2. g3 Nf6 3. Bg2 e6 4. Bg5 d5 5. e3 Be7 6. Ne2 0-0 7. Bxf6 Bxf6 8. Nd2 Nd7 9. f4 c5 10. c3 h5 11. h4 b6 12. Kf2 Be7 13. Nc1 Nf6 14. Bf3 Qe8 15. Nd3 Ng4+ 16. Bxg4 fxg4 17. Kg2 Bf6 18. Ne5 Bxe5 19. fxe5 Ba6 20. c4 dxc4 21. Rf1 Qc6+ 22. Kg1 cxd4 23. exd4 Bb7 0-1

[Event "Prague Golden Blitz op 17th"]
[Site "Prague"]
[Date "2022.07.16"]
[Round "4"]
[White "Silhanek, Martin"]
[Black "Mikhno, Artem"]
[Result "0-1"]
[WhiteElo "1622"]
[BlackElo "1317"]
[PlyCount "52"]
[EventDate "2022.07.16"]
[EventType "swiss (blitz)"]
[EventRounds "11"]
[EventCountry "CZE"]
[SourceTitle "CBM 209 Extra"]
[Source "ChessBase"]
[SourceDate "2022.09.30"]
[SourceVersion "1"]
[SourceVersionDate "2022.09.30"]
[SourceQuality "1"]

1. d4 Nf6 2. Nf3 g6 3. Bf4 Bg7 4. Nc3 d5 5. Qd2 0-0 6. Bh6 Nc6 7. h4 Bf5 8. Bxg7 Kxg7 9. 0-0-0 h5 10. Ne5 Qd6 11. f4 Ne4 12. Nxe4 dxe4 13. e3 Rfd8 14. Be2 Nxe5 15. fxe5 Qd5 16. b3 c5 17. Bc4 Qc6 18. Qa5 b6 19. Qb5 Qc7 20. Kb2 a6 21. Qa4 b5 22. Bxb5 axb5 23. Qxb5 cxd4 24. exd4 e3 25. Rhe1 Qxc2+ 26. Ka1 Rxa2# 0-1

[Event "Mlada Boleslav Region-ch U20"]
[Site "Mlada Boleslav"]
[Date "2013.06.22"]
[Round "4"]
[White "Silhanek, Martin"]
[Black "Jary, Zbynek"]
[Result "1/2-1/2"]
[WhiteElo "1100"]
[BlackElo "1488"]
[PlyCount "73"]
[EventDate "2013.06.22"]
[EventType "swiss"]
[EventRounds "7"]
[EventCountry "CZE"]
[SourceTitle "EXT 2015"]
[Source "ChessBase"]
[SourceDate "2014.11.20"]
[SourceVersion "1"]
[SourceVersionDate "2014.11.20"]
[SourceQuality "1"]

1. b4 e6 2. Bb2 Nf6 3. a3 d5 4. e3 c5 5. bxc5 Bxc5 6. c4 0-0 7. Qf3 dxc4 8. Bxc4 Be7 9. Ke2 Nc6 10. Bd3 e5 11. h3 Be6 12. Bb5 e4 13. Qg3 Qc8 14. Nc3 a6 15. Bxc6 Qxc6 16. f3 exf3+ 17. Nxf3 Rfd8 18. Ne1 Qc4+ 19. d3 Qc6 20. Ne4 Nh5 21. Qe5 Rd5 22. Qc3 Qxc3 23. Bxc3 Rdd8 24. g4 Nf6 25. Nxf6+ Bxf6 26. Bxf6 gxf6 27. Rf1 Kg7 28. Nf3 Rac8 29. Rac1 f5 30. gxf5 Bxf5 31. Rxc8 Rxc8 32. Rg1+ Kf8 33. Ng5 Rc3 34. e4 Bg6 35. Ra1 h6 36. Nf3 Bh5 37. Kd2 1/2-1/2

[Event "Mlada Boleslav Region-ch U20"]
[Site "Mlada Boleslav"]
[Date "2012.06.23"]
[Round "4"]
[White "Vlkova, Anezka"]
[Black "Silhanek, Martin"]
[Result "0-1"]
[WhiteElo "1356"]
[BlackElo "1000"]
[PlyCount "54"]
[EventDate "2012.06.23"]
[EventType "swiss"]
[EventRounds "7"]
[EventCountry "CZE"]
[SourceTitle "EXT 2014"]
[Source "ChessBase"]
[SourceDate "2013.11.20"]
[SourceVersion "1"]
[SourceVersionDate "2013.11.20"]
[SourceQuality "1"]

1. e4 e5 2. Nf3 Nf6 3. Nxe5 d6 4. Nf3 Nxe4 5. Nc3 Nxc3 6. dxc3 Qe7+ 7. Be3 Bg4 8. h3 Bxf3 9. Qxf3 Nc6 10. Bc4 g6 11. 0-0 Bg7 12. Rfe1 0-0 13. Bh6 Qd7 14. Bxg7 Kxg7 15. Re4 d5 16. Rh4 dxc4 17. Qe3 h5 18. Qg5 f6 19. Qc5 Qe7 20. Qxc4 Ne5 21. Qe2 f5 22. Re1 Nf3+ 23. gxf3 Qxh4 24. Qe5+ Kh6 25. Qe3+ Qg5+ 26. Qxg5+ Kxg5 27. Re7 Rac8 0-1